000 00531nam a22002177a 4500
003 UA-OsUOA
001 43450
007 ta
008 20090710b un ||||| |||| 00| 0 ukr d
100 _aБрик М.
090 _a09.-82-3
_bБ87
942 _cBR
040 _aUA-OsUOA
_bukr
_cUA-OsUOA
_dUA-OsUOA
245 _aЗ минулих днів
_bНариси й оповідання
955 _a3
041 _aukr
080 _a09.-82-3
260 _c1946
650 7 _a0 Загальний відділ.
_2UDC
999 _c441927
_d441927